Přeskočit na obsah

Методические указания по прохождению практики по получению первичных профессиональных умений и навыков (технология производства продукции растениеводства)

Методические указания предназначены для обучающихся при прохождении практики по получению первичных профессиональных умений и навыков, по направлению 35.03.07 – Технология производства и переработки сельскохозяйственной продукции. Методические указания содержат задания для выполнения практических ра...

Celý popis

Uloženo v:
Podrobná bibliografie
Hlavní autor: Васина Н. В.
Další autoři: Кожевникова О. П., Пашкова Е. Ю.
Médium: Книга
Jazyk:Russian
Vydáno: Самара СамГАУ 2018
On-line přístup:https://e.lanbook.com/book/109448
https://e.lanbook.com/img/cover/book/109448.jpg
Tagy: Přidat tag
Žádné tagy, Buďte první, kdo otaguje tento záznam!
LEADER 02073nam0a2200277 i 4500
001 109448
003 RuSpLAN
005 20221220174016.0
008 221220s2018 ru gs 000 0 rus
040 |a RuSpLAN 
041 0 |a rus 
044 |a ru 
080 |a 633 (07) 
084 |a 41 Р  |2 rubbk 
245 0 0 |a Методические указания по прохождению практики по получению первичных профессиональных умений и навыков (технология производства продукции растениеводства)  |c Васина Н. В.,Кожевникова О. П.,Пашкова Е. Ю. 
260 |a Самара  |b СамГАУ  |c 2018 
300 |a 22 с. 
504 |a Библиогр.: доступна в карточке книги, на сайте ЭБС Лань 
520 8 |a Методические указания предназначены для обучающихся при прохождении практики по получению первичных профессиональных умений и навыков, по направлению 35.03.07 – Технология производства и переработки сельскохозяйственной продукции. Методические указания содержат задания для выполнения практических работ, список рекомендованной учебной литературы, вопросы для самоконтроля и подготовке к зачету, требования к оформлению отчета. 
521 8 |a Книга из коллекции СамГАУ - Ветеринария и сельское хозяйство 
100 1 |a Васина Н. В. 
700 1 |a Кожевникова О. П. 
700 1 |a Пашкова Е. Ю. 
856 4 |u https://e.lanbook.com/book/109448 
856 4 8 |u https://e.lanbook.com/img/cover/book/109448.jpg 
953 |a https://e.lanbook.com/img/cover/book/109448.jpg